00348nam a2200133Ia 450000500170000000800410001702000150005808200150007310000150008824500280010326000490013130000190018065000150019920240628012959.0240331s9999 xx 000 0 und d a0195100816 a128.2bSTI aStich,S.P  0aDeconstructing the mind aNew YorkbOxford university press, Incc1996 aviii, 222 p ., aphilosophy